Statistics for Highest Ever Goalscorers in the Europa League

Click here to take the quiz!

General Stats

  • This quiz has been taken 77 times
    (59 since last reset)
  • The average score is 14 of 34

Answer Stats

GoalsYearsClubsNationalityAnswer% Correct
302009-'13Atlético Madrid, FC PortoColombiaRadamel Falcao
94%
311992-'04, 2006-'09Celtic, Helsingborgs IF, FeyenoordSwedenHenrik Larsson
90%
302004-'06, 2010-Ajax, Schalke 04, HerenveenNetherlandsKlaas Jan Huntelaar
80%
192007-AS Roma, Manchester City, WolfsburgBosnia and HerzegovinaEdin Džeko
78%
202013-Arsenal, Borussia DortmundGabonPierre-Emerick Aubameyang
78%
221986-2006Arsenal, Ajax, Inter MilanNetherlandsDennis Bergkamp
73%
211992-'06Newcastle United, Blackburn RoversEnglandAlan Shearer
71%
202009-'11,2014-'17, 2019-Inter Milan, Everton, AnderlechtBelgiumRomelu Lukaku
69%
262002-'04, 2006-'08, 2012-'20Athletic BilbaoSpainAritz Aduriz
67%
211999-'01, 2008-'12, 2015-'17, 2018-'20Werder BremenPeruClaudio Pizarro
65%
192010-Arsenal, Olympique LyonFranceAlexandre Lacazette
63%
242005-'08, 2013-Valencia, Sevilla, Atlético Madrid, RC StrasbourgFranceKevin Gameiro
57%
192004-'14Tottenham Hotspur, PortsmouthEnglandJermain Defoe
47%
291973-'85FC Köln, Bordeaux, Vfb StuttgartGermanyDieter Müller
43%
232004-'09, 2013, 2018-'19CSKA Moscow, BeşiktaşBrazilVágner Love
43%
191996-'06Chelsea, Leeds United, Middlesbrough, Atlético Madrid, BoavistaNetherlandsJimmy Floyd Hasselbaink
41%
221974-'87Bayern Munich, Inter MilanGermanyKarl-Heinz Rummenigge
37%
221984-'92, 1995-'97Vfb Stuttgart, Inter Milan, Bayern MunichGermanyJürgen Klinsmann
35%
212007-'14BenficaParaguayÓscar Cardozo
35%
191997-'00, 2005-'12Sevilla, Olympique LyonMaliFrédéric Kanouté
33%
222011-'14, 2016-Hoffenheim, RB Salzburg, Maccabi Tel Aviv, SevillaIsraelMunas Dabbur
27%
191972-'79Borussia MonchengladbachDenmarkAllan Simonsen
24%
231971-'78Borussia MonchengladbachGermanyJupp Heynckes
24%
191992-'94, 1994-'97, 1999-'04Olympique Lyon, AS Monaco, Servette, VillarrealBrazilSonny Anderson
24%
191999-'07, 2008-'12, 2014-'16Grasshopper, Hamburger SV, FC Basel, PanathinaikosCroatiaMladen Petrić
22%
211983-'03Bayer Leverkusen, Dynamo DresdenGermanyUlf Kirsten
20%
192011-Villarreal, AC Milan, Sevilla, Club BruggeColombiaCarlos Bacca
18%
201996-2009Real Sociedad, Juventus, OlympiacosSerbiaDarko Kovačević
18%
241991-2007Ajax, Rangers FC, Trabzonspor, Dinamo Tbilisi, AZ AlkmaarGeorgiaShota Arveladze
18%
212001-'08, 2010-'17Zenit St. Petersburg, SevillaRussiaAleksandr Kerzhakov
16%
251977-1989Inter Milan, JuventusItalyAlessandro Altobelli
14%
202003-'11Sporting LisbonPortugalLiédson
12%
232002-'15PAOK, PanathinaikosGreeceDimitris Salpingidis
8%
221971-'76Tottenham HotspurEnglandMartin Chivers
2%

Score Distribution

Percentile by Number Answered

Percent of People with Each Score

Your Score History

You have not taken this quiz since the last reset